000 01312nam a2200361 a 4500
001 000003929
003 DO-SdBNP
005 20220926151445.0
007 ta
008 090715s2007 pr 001 0 spa d
020 _z1932271791
020 _a9781932271799
040 _aDO-SdBNP
_bspa
_cBNPHU
082 4 _a781.592
_bS478m
_222
100 1 _aSenra de Oliveira, Elysabeth
_911827
245 1 0 _aMoviendo los engranes :
_bdiscurso, música y políticos a partir de los 90 /
_cElysabeth Senra de Oliveira ; prólogo María del Carmen Baerga Santini.
260 _aSanto Domingo :
_bIsla Negra,
_c2007.
300 _a233 p. ;
_c23 cm.
490 1 _aVisiones y cegueras
500 _aIncluye índice
504 _a Bibliografía : p. 221-233
590 _aInventariado, 2018/LP
650 4 _aMúsica popular
_xAspectos políticos
_911828
650 4 _aMúsicos
_xActividad política
_911829
650 4 _aMúsica popular
_xAspectos sociales
_911830
650 4 _aCanciones protesta
_xHistoria y crítica
_911831
650 4 _aPolítica y cultura
_98455
650 4 _aCanciones protesta
_zPuerto Rico
_xHistoria y crítica
_911832
700 1 2 _aBaerga Santini, María del Carmen,
_epról.
_911833
830 0 _aVisiones y cegueras
_91120
910 _aValidado. Control de calidad. MFF
942 _2ddc
_cLBS1
999 _c3748
_d3748